| 000 | 01207nam a2200289Ia 4500 | ||
|---|---|---|---|
| 003 | Ost | ||
| 005 | 20260507074945.0 | ||
| 008 | 260507s9999||||xx |||||||||||||| ||und|| | ||
| 020 | _a53422499579 | ||
| 040 | _cfsecg | ||
| 041 | _aara | ||
| 082 | _a657.45;658.3 | ||
| 100 |
_aجمعة، احمد حلمي _eمؤلف |
||
| 245 | 0 |
_aتطور معايير التدقيق و التأكيد الدولية و قواعد اخلاقيات المهنة / _c احمد حلمي جمعة |
|
| 260 |
_aعمان: _bدار صفاء للنشر, _c2009 |
||
| 300 |
_a148 صفحة؛ _c24 سم |
||
| 490 | _aسلسلة الكتب المهنية | ||
| 504 | _aسلسلة الكتب المهنية | ||
| 520 | _aتقرير التدقيق للغرض العام -التعديلات على تقرير التدقيق -تقرير التدقيق لغرض خاص -التقرير دون الامتثال (IFRSs) -التقرير بشأن الارقام المقارنة | ||
| 653 | _aاخلاقيات المهنة | ||
| 653 | _aالتأكيد | ||
| 653 | _aالتدقيق | ||
| 653 | _aالمحاسبة | ||
| 653 | _aالمحاسبة الدولية | ||
| 653 | _aتدقيق الحسابات | ||
| 942 | _cكتاب | ||
| 999 |
_c41959 _d41959 |
||